Statistics for Countries Closest to Iran - 15 Second Sprint

Click here to take the quiz!

General Stats

  • This quiz has been taken 26 times
  • The average score is 6 of 20

Answer Stats

kmcountrymiles% Correct
0Iraq0
92%
20Kuwait13
54%
0Pakistan0
54%
0Afghanistan0
50%
0Turkey0
42%
182Syria113
42%
147Saudi Arabia92
38%
596India370
38%
97United Arab Emirates60
33%
188Qatar117
29%
191Bahrain119
29%
0Turkmenistan0
25%
0Azerbaijan0
25%
0Armenia0
21%
51Oman32
17%
165Russia103
17%
189Georgia118
13%
342Kazakhstan213
8%
329Uzbekistan205
4%
593Tajikistan368
0%

Score Distribution

Percentile by Number Answered

Percent of People with Each Score

Your Score History

You have not taken this quiz